<?xml version="1.0" encoding="UTF-8"?>
<record
    xmlns:xsi="http://www.w3.org/2001/XMLSchema-instance"
    xsi:schemaLocation="http://www.loc.gov/MARC21/slim http://www.loc.gov/standards/marcxml/schema/MARC21slim.xsd"
    xmlns="http://www.loc.gov/MARC21/slim">

  <leader>00984    a2200229   4500</leader>
  <datafield tag="999" ind1=" " ind2=" ">
    <subfield code="c">6854</subfield>
    <subfield code="d">6854</subfield>
  </datafield>
  <controlfield tag="005">20181103134744.0</controlfield>
  <controlfield tag="008">080912t        xxu||||| |||| 00| 0 hin d</controlfield>
  <datafield tag="010" ind1=" " ind2=" ">
    <subfield code="a">HIN-80689</subfield>
  </datafield>
  <datafield tag="020" ind1=" " ind2=" ">
    <subfield code="a">8181291050</subfield>
    <subfield code="c">250.00</subfield>
  </datafield>
  <datafield tag="035" ind1=" " ind2=" ">
    <subfield code="a">HN-53035, B-241781</subfield>
  </datafield>
  <datafield tag="037" ind1=" " ind2=" ">
    <subfield code="b">D.B.Act / pub</subfield>
  </datafield>
  <datafield tag="082" ind1=" " ind2=" ">
    <subfield code="a">&#x909;</subfield>
  </datafield>
  <datafield tag="100" ind1=" " ind2=" ">
    <subfield code="a">&#x930;&#x93E;&#x927;&#x947;&#x936;&#x930;&#x923; '&#x905;&#x928;&#x928;&#x94D;&#x924; '</subfield>
  </datafield>
  <datafield tag="245" ind1=" " ind2=" ">
    <subfield code="a">&#x92C;&#x902;&#x927;&#x941;&#x906;&#x903;&#x92C;&#x918;&#x947;&#x932;&#x940; &#x906;&#x902;&#x91A;&#x932; &#x915;&#x93E; &#x909;&#x92A;&#x928;&#x94D;&#x92F;&#x93E;&#x938;</subfield>
    <subfield code="c">&#x930;&#x93E;&#x927;&#x947;&#x936;&#x930;&#x923; '&#x905;&#x928;&#x928;&#x94D;&#x924; '</subfield>
  </datafield>
  <datafield tag="246" ind1=" " ind2=" ">
    <subfield code="a">Banduaa</subfield>
    <subfield code="b">by Radhesharan 'Aanat'</subfield>
  </datafield>
  <datafield tag="260" ind1=" " ind2=" ">
    <subfield code="a">&#x928;&#x908;  &#x926;&#x93F;&#x932;&#x94D;&#x932;&#x940;</subfield>
    <subfield code="b">&#x928;&#x92E;&#x928; &#x92A;&#x94D;&#x930;&#x915;&#x93E;&#x936;&#x928;</subfield>
    <subfield code="c">2007</subfield>
  </datafield>
  <datafield tag="270" ind1=" " ind2=" ">
    <subfield code="b">&#x928;&#x908;  &#x926;&#x93F;&#x932;&#x94D;&#x932;&#x940;</subfield>
    <subfield code="a">4231/1,&#x905;&#x902;&#x938;&#x93E;&#x930;&#x940; &#x930;&#x94B;&#x921;, &#x926;&#x930;&#x93F;&#x92F;&#x93E;&#x917;&#x902;&#x91C;</subfield>
    <subfield code="e">110002</subfield>
    <subfield code="k">23247003, 23254306</subfield>
  </datafield>
  <datafield tag="300" ind1=" " ind2=" ">
    <subfield code="a">223&#x92A;&#x943;</subfield>
    <subfield code="c">22 &#x938;&#x947;&#x92E;&#x940; (&#x938;&#x91C;&#x93F;&#x932;&#x94D;&#x926;)</subfield>
  </datafield>
  <datafield tag="650" ind1=" " ind2=" ">
    <subfield code="a">&#x939;&#x93F;&#x928;&#x94D;&#x926;&#x940; &#x909;&#x92A;&#x928;&#x94D;&#x92F;&#x93E;&#x938;</subfield>
  </datafield>
  <datafield tag="650" ind1=" " ind2=" ">
    <subfield code="a">Hindi  Novel</subfield>
  </datafield>
  <datafield tag="942" ind1=" " ind2=" ">
    <subfield code="a">dpl</subfield>
    <subfield code="c">HN</subfield>
    <subfield code="k">&#x909; / &#x930;&#x93E;&#x927;&#x947;&#x936;&#x94D;&#x92F;&#x93E;</subfield>
    <subfield code="2">ddc</subfield>
    <subfield code="h">&#x909; </subfield>
    <subfield code="m">&#x930;&#x93E;&#x927;&#x947;&#x936;&#x94D;&#x92F;&#x93E;</subfield>
  </datafield>
  <datafield tag="952" ind1=" " ind2=" ">
    <subfield code="0">0</subfield>
    <subfield code="1">0</subfield>
    <subfield code="4">0</subfield>
    <subfield code="7">0</subfield>
    <subfield code="a">DBAD</subfield>
    <subfield code="b">DBAD</subfield>
    <subfield code="d">2008-09-12</subfield>
    <subfield code="g">250.00</subfield>
    <subfield code="l">0</subfield>
    <subfield code="o">&#x909;  &#x930;&#x93E;&#x927;&#x947;&#x936;&#x94D;&#x92F;&#x93E;</subfield>
    <subfield code="p">HN-53035</subfield>
    <subfield code="r">2008-09-15 00:00:00</subfield>
    <subfield code="t">1.00</subfield>
    <subfield code="u">7358</subfield>
    <subfield code="v">250.00</subfield>
    <subfield code="w">2008-09-15</subfield>
    <subfield code="y">HN</subfield>
  </datafield>
  <datafield tag="952" ind1=" " ind2=" ">
    <subfield code="0">0</subfield>
    <subfield code="1">0</subfield>
    <subfield code="2">ddc</subfield>
    <subfield code="4">0</subfield>
    <subfield code="7">0</subfield>
    <subfield code="8">FIC</subfield>
    <subfield code="a">VP</subfield>
    <subfield code="b">VP</subfield>
    <subfield code="d">2008-10-01</subfield>
    <subfield code="e">BPPD /</subfield>
    <subfield code="g">250.00</subfield>
    <subfield code="l">1</subfield>
    <subfield code="o">&#x909;  &#x930;&#x93E;&#x927;&#x947;&#x936;&#x94D;&#x92F;&#x93E;</subfield>
    <subfield code="p">B-281338</subfield>
    <subfield code="r">2010-12-13 00:00:00</subfield>
    <subfield code="s">2010-11-29</subfield>
    <subfield code="t">1</subfield>
    <subfield code="v">250.00</subfield>
    <subfield code="w">2008-10-01</subfield>
    <subfield code="y">HN</subfield>
  </datafield>
  <datafield tag="952" ind1=" " ind2=" ">
    <subfield code="0">0</subfield>
    <subfield code="1">0</subfield>
    <subfield code="2">ddc</subfield>
    <subfield code="4">0</subfield>
    <subfield code="7">0</subfield>
    <subfield code="8">FIC</subfield>
    <subfield code="a">BL4</subfield>
    <subfield code="b">BL4</subfield>
    <subfield code="d">2018-11-03</subfield>
    <subfield code="e">BPPD/PUB</subfield>
    <subfield code="g">250.00</subfield>
    <subfield code="l">2</subfield>
    <subfield code="o">&#x909;  &#x930;&#x93E;&#x927;&#x947;&#x936;&#x94D;&#x92F;&#x93E;</subfield>
    <subfield code="p">B-241781</subfield>
    <subfield code="r">2025-03-04 00:00:00</subfield>
    <subfield code="s">2025-02-25</subfield>
    <subfield code="v">250.00</subfield>
    <subfield code="w">2018-11-03</subfield>
    <subfield code="y">HN</subfield>
  </datafield>
  <datafield tag="952" ind1=" " ind2=" ">
    <subfield code="0">0</subfield>
    <subfield code="1">0</subfield>
    <subfield code="2">ddc</subfield>
    <subfield code="4">0</subfield>
    <subfield code="7">0</subfield>
    <subfield code="8">FIC</subfield>
    <subfield code="a">L</subfield>
    <subfield code="b">L</subfield>
    <subfield code="d">2020-07-15</subfield>
    <subfield code="g">250.00</subfield>
    <subfield code="l">1</subfield>
    <subfield code="o">&#x909;  &#x930;&#x93E;&#x927;&#x947;&#x936;&#x94D;&#x92F;&#x93E;</subfield>
    <subfield code="p">B-241778</subfield>
    <subfield code="r">2023-12-27 00:00:00</subfield>
    <subfield code="s">2023-12-26</subfield>
    <subfield code="t">1</subfield>
    <subfield code="v">250.00</subfield>
    <subfield code="w">2020-07-15</subfield>
    <subfield code="y">HN</subfield>
  </datafield>
  <datafield tag="952" ind1=" " ind2=" ">
    <subfield code="0">0</subfield>
    <subfield code="1">0</subfield>
    <subfield code="2">ddc</subfield>
    <subfield code="4">0</subfield>
    <subfield code="7">0</subfield>
    <subfield code="8">FIC</subfield>
    <subfield code="a">ZLS</subfield>
    <subfield code="b">ZLS</subfield>
    <subfield code="d">2021-10-16</subfield>
    <subfield code="l">0</subfield>
    <subfield code="o">&#x909;  &#x930;&#x93E;&#x927;&#x947;&#x936;&#x94D;&#x92F;&#x93E;</subfield>
    <subfield code="p">B-241780</subfield>
    <subfield code="r">2021-10-16 00:00:00</subfield>
    <subfield code="v">250.00</subfield>
    <subfield code="w">2021-10-16</subfield>
    <subfield code="y">HN</subfield>
  </datafield>
</record>
